[Event "SUI-ch (Women)"]
[Site "Scuol"]
[Date "2001.07.14"]
[Round "3"]
[White "Lauterbach, Ingrid"]
[Black "Roschina, Tatiana"]
[Result "0-1"]
[WhiteElo "2138"]
[BlackElo "2322"]
[PlyCount "64"]
[EventDate "2001.07.12"]
[EventType "tourn"]
[EventRounds "9"]
[EventCountry "SUI"]
[SourceTitle "CBM 083 Extra"]
[Source "ChessBase"]
[SourceDate "2001.09.11"]
[SourceVersion "1"]
[SourceVersionDate "2001.09.11"]
[SourceQuality "1"]

1. e4 c5 2. Nf3 d6 3. Bb5+ Nc6 4. 0-0 Bd7 5. Re1 g6 6. c3 Bg7 7. d4 Qb6 8. Bxc6 Bxc6 9. d5 Bd7 10. e5 Nh6 11. Na3 0-0 12. exd6 exd6 13. Ng5 Ng4 14. Ne4 f5 15. Ng5 c4 16. Qc2 Rfe8 17. Bf4 Qc5 18. Ne6 Bxe6 19. dxe6 Be5 20. Bxe5 Nxe5 21. Kf1 Re7 22. Rad1 Rae8 23. Rd4 Rxe6 24. b4 Qc6 25. Re3 b5 26. Qd2 Nd3 27. Nc2 Qa6 28. a3 f4 29. Rxe6 Rxe6 30. g3 Qc6 31. Kg1 Qf3 32. gxf4 Re2 0-1